Films avec Jean-Claude Van Damme par image - Statistiques

Statistiques générales
  • Ce quiz a été pris 46 fois
  • Le résultat moyen est 8 sur 16
Statistiques - réponses
Par images Réponse % Correct
Bloodsport
91%
Kickboxer
83%
Street Fighter : l'ultime combat
83%
Universal Soldier
80%
Timecop
69%
Double Impact
57%
JCVD
57%
Le Grand Tournoi
57%
Chasse à l'homme
43%
Cyborg
37%
Mort subite
37%
Piège à Hong Kong
31%
Coups pour coups
29%
Replicant
20%
In Hell
14%
Universal Soldier : le jour du jugement
3%
Aucun quiz correspondant
Distribution des résultats
% des personnes avec chaque résultat
Percentile par nombre de réponses
Votre historique - résultats
Vous n’avez pas pris ce quiz